|
|
|
|
| LEADER |
00000nas a2200000 i 4500 |
| 001 |
ssj0001073083 |
| 003 |
WaSeSS |
| 005 |
20200512172242.0 |
| 006 |
m d |
| 007 |
cr n |
| 008 |
131223c20129999ne qr p s|||||| |0eng d |
| 022 |
|
|
|a 2095-2449
|l 2095-2430
|
| 035 |
|
|
|a (WaSeSS)ssj0001073083
|
| 040 |
|
|
|a WaSeSS
|b eng
|c WaSeSS
|d WaSeSS
|
| 050 |
1 |
4 |
|a TA1
|
| 210 |
1 |
|
|a Front. Struct. Civ. Eng.
|b (Online)
|
| 222 |
|
0 |
|a Frontiers of Structural and Civil Engineering
|b (Online)
|
| 245 |
0 |
0 |
|a Frontiers of structural and civil engineering
|h [electronic resource].
|
| 260 |
|
|
|a Dordrecht, Netherlands :
|b Springer Science & Business Media,
|c 2012-
|
| 310 |
|
|
|a Quarterly
|
| 362 |
1 |
|
|a Began with Volume 6 (1) (March 2012).
|
| 506 |
|
|
|a License restrictions may limit access.
|
| 588 |
|
|
|a Description based on: Volume 6 (1) (March 2012); title from title screen (ProQuest, viewed December 21, 2013).
|
| 588 |
|
|
|a Latest issue consulted: Volume 11 (4) (January 2017) (viewed January 17, 2018).
|
| 650 |
|
0 |
|a Civil engineering
|v Periodicals.
|
| 650 |
|
0 |
|a Structural engineering
|v Periodicals.
|
| 655 |
|
0 |
|a Electronic journals.
|
| 776 |
0 |
8 |
|i Print version :
|t Frontiers of structural and civil engineering
|x 2095-2430
|
| 780 |
0 |
0 |
|t Frontiers of Architecture and Civil Engineering in China
|x 1673-7407
|
| 856 |
4 |
0 |
|z Full text available from Research Library: 01/01/2012 to present
|u https://search.proquest.com/publication/105416
|